รวมกฎหมายพาณิชย์และธุรกิจ เล่ม 1 เหมาะสำหรับ พ่อค้า นักธุรกิจ นักบริหาร ข้าราชการ ทนายความ และประชาชนทั่วไป (ระเบียนเลขที่ 18192)
| 000 -LEADER | |
|---|---|
| fixed length control field | 01817nam a22003377a 4500 |
| 005 - DATE AND TIME OF LATEST TRANSACTION | |
| control field | 20240814175144.0 |
| 008 - FIXED-LENGTH DATA ELEMENTS--GENERAL INFORMATION | |
| fixed length control field | th thaeng |
| 040 ## - CATALOGING SOURCE | |
| Original cataloging agency | NALT |
| 041 ## - LANGUAGE CODE | |
| Language code of text/sound track or separate title | thaeng |
| 090 ## - LOCALLY ASSIGNED LC-TYPE CALL NUMBER (OCLC); LOCAL CALL NUMBER (RLIN) | |
| Classification number (OCLC) (R) ; Classification number, CALL (RLIN) (NR) | KS62 ว846ร |
| 100 0# - MAIN ENTRY--PERSONAL NAME | |
| Personal name | วีระพล สุริยพันธุ์ |
| 245 10 - TITLE STATEMENT | |
| Title | รวมกฎหมายพาณิชย์และธุรกิจ เล่ม 1 เหมาะสำหรับ พ่อค้า นักธุรกิจ นักบริหาร ข้าราชการ ทนายความ และประชาชนทั่วไป |
| 260 3# - PUBLICATION, DISTRIBUTION, ETC. | |
| Place of publication, distribution, etc. | ม.ป.ท. : |
| Name of publisher, distributor, etc. | ม.ป.พ., |
| Date of publication, distribution, etc. | ม.ป.ป. |
| 300 ## - PHYSICAL DESCRIPTION | |
| Extent | 550 หน้า ; |
| Other physical details | 27 ซม. |
| 650 04 - SUBJECT ADDED ENTRY--TOPICAL TERM | |
| Topical term or geographic name entry element | กฎหมายธุรกิจ |
| 650 04 - SUBJECT ADDED ENTRY--TOPICAL TERM | |
| Topical term or geographic name entry element | กฎหมายพาณิชย์ |
| 650 04 - SUBJECT ADDED ENTRY--TOPICAL TERM | |
| Topical term or geographic name entry element | การคุ้มครองแรงงาน |
| 650 04 - SUBJECT ADDED ENTRY--TOPICAL TERM | |
| Topical term or geographic name entry element | การจัดสรรที่ดิน |
| 650 04 - SUBJECT ADDED ENTRY--TOPICAL TERM | |
| Topical term or geographic name entry element | ธุรกิจฟองซิเอร์ (พ.ร.บ.) -- 2522 |
| 650 04 - SUBJECT ADDED ENTRY--TOPICAL TERM | |
| Topical term or geographic name entry element | ธุรกิจหลักทรัพย์ (พ.ร.บ.) -- 2522 |
| 650 04 - SUBJECT ADDED ENTRY--TOPICAL TERM | |
| Topical term or geographic name entry element | ธุรกิจเงินทุน (พ.ร.บ.) -- 2522 |
| 650 04 - SUBJECT ADDED ENTRY--TOPICAL TERM | |
| Topical term or geographic name entry element | ประกาศคณะปฏิวัติ -- ฉบับที่ 103 -- 2525 |
| 650 04 - SUBJECT ADDED ENTRY--TOPICAL TERM | |
| Topical term or geographic name entry element | ประกาศคณะปฏิวัติ -- ฉบับที่ 286 -- 2515 |
| 650 04 - SUBJECT ADDED ENTRY--TOPICAL TERM | |
| Topical term or geographic name entry element | วิธีพิจารณาคดีศาลแรงงาน |
| 650 04 - SUBJECT ADDED ENTRY--TOPICAL TERM | |
| Topical term or geographic name entry element | ศาลแรงงาน (พ.ร.บ.) |
| 650 04 - SUBJECT ADDED ENTRY--TOPICAL TERM | |
| Topical term or geographic name entry element | แรงงานสัมพันธ์ (พ.ร.บ.) -- 2518 |
| 700 0# - ADDED ENTRY--PERSONAL NAME | |
| Personal name | วีระพล สุริยพันธุ์ |
| 850 ## - HOLDING INSTITUTION | |
| Holding institution | NALT |
| 942 ## - ADDED ENTRY ELEMENTS (KOHA) | |
| Koha item type | Law Book |
| Source of classification or shelving scheme | Library of Congress Classification |
| 998 ## - LOCAL CONTROL INFORMATION (RLIN) | |
| -- | 25 |
| -- | นีลวัสน์ อินทรักษา |
| Withdrawn status | Lost status | Damaged status | Not for loan | Collection code | Home library | Current library | Total Checkouts | Full call number | Barcode | Date last seen | Price effective from | Koha item type |
|---|---|---|---|---|---|---|---|---|---|---|---|---|
| Law Book collection | National Assembly Library of Thailand | National Assembly Library of Thailand | KS 62 ว846ร | 3961128358 | 09/06/2017 | 09/06/2017 | Law Book |
